Erfolgreichste Filme der 90er nach Haupthelden - Statistiken

Allgemein
  • Dieses Quiz wurde 235 mal gespielt
  • Das Durchschnittsergebnis liegt bei 14 aus 20
Antwortstatistiken
Bildquiz Hint Antwort % Korrekt
Jonathan Taylor Thomas (Junges), Jason Weaver (Singstimme, Junges), Matthew Broderick (adult), Joseph Williams (Singstimme, adult) Der König der Löwen
98%
Kate Winslet Titanic
97%
Macaulay Culkin Kevin – Allein zu Haus
94%
Will Smith Men in Black
92%
Scott Weinger, Brad Kane (Singstimme) Aladdin
91%
Tom Hanks Forrest Gump
89%
Rowan Atkinson Bean – Der ultimative Katastrophenfilm
87%
Pierce Brosnan James Bond 007 – GoldenEye
87%
Alex D. Linz (Kind), Tony Goldwyn (Erwachsener) Tarzan
85%
Ewan McGregor Star Wars: Episode I – Die dunkle Bedrohung
84%
Richard Gere, Julia Roberts Pretty Woman
73%
Sam Neill Jurassic Park
59%
Jeff Goldblum Vergessene Welt: Jurassic Park
59%
Liam Neeson Schindlers Liste
54%
Robin Williams Mrs. Doubtfire – Das stachelige Kindermädchen
49%
Christine Cavanaugh Ein Schweinchen namens Babe
48%
John Goodman Flintstones – Die Familie Feuerstein
44%
Will Smith, Jeff Goldblum Independence Day
38%
Kevin Costner Der mit dem Wolf tanzt
35%
Til Schweiger Der bewegte Mann
26%
Keine übereinstimmenden Quizze gefunden
Verteilung der Resultate
Anzahl Personen mit jedem Resultat
Perzentil nach korrekt beantworteten Fragen
Ihre Resultats-Entwicklung
Sie haben dieses Quiz noch nicht gespielt